Every MLB Team's Greatest Manager Ever - Statistics

General Stats
  • This quiz has been taken 11 times
  • The average score is 18 of 30
Answer Stats
Team Years Managed Name % Correct
Cardinals 1996-2011 Tony La Russa
100%
Orioles 1968-1982, 1985-1986 Earl Weaver
89%
Reds 1970-1978 Sparky Anderson
89%
Tigers 1979-1995 Sparky Anderson
89%
Astros 2015-2019 A. J. Hinch
78%
Athletics 1901-1950 Connie Mack
78%
Mets 1984-1990 Davey Johnson
78%
Red Sox 2004-2011 Terry Francona
78%
Twins/Senators 1986-2001 Tom Kelly
78%
Braves 1978-1981, 1990-2010 Bobby Cox
67%
Padres 1995-2006 Bruce Bochy
67%
Giants 2007-2019 Bruce Bochy
67%
Yankees 1949-1960 Casey Stengel
67%
Blue Jays 1989-1997, 2008-2010 Cito Gaston
67%
Mariners 1993-2002 Lou Piniella
67%
Dodgers 1954-1976 Walter Alston
67%
Diamondbacks 2001-2004 Bob Brenly
56%
Phillies 2005-2013 Charlie Manuel
56%
Royals 1981-1986 Dick Howser
56%
Rockies 2002-2009 Clint Hurdle
44%
Nationals/Expos 2018-2025 Dave Martinez
44%
Brewers 1975, 1982-1983 Harvey Kuenn
44%
Marlins 2003-2005, 2011 Jack McKeon
44%
Rays 2006-2014 Joe Maddon
44%
White Sox 2004-2011 Ozzie Guillen
44%
Rangers 1995-2001 Johnny Oates
33%
Angels 2000-2018 Mike Scioscia
33%
Cubs 1905-1912 Frank Chance
22%
Pirates 1900-1915 Fred Clarke
22%
Guardians/Indians 1919-1926 Tris Speaker
22%
No matching quizzes found
Score Distribution
Percent of People with Each Score
Percentile by Number Answered
Your Score History
You have not taken this quiz